Statistics for Product Slogans

Click here to take the quiz!

General Stats

  • This quiz has been taken 22 times
  • The average score is 11 of 30

Answer Stats

What's Stuck in Your HeadThat Thing They're Talking About% Correct
Taste the rainbowSkittles
100%
The quicker picker upperBounty
76%
Plop plop fizz fizz, oh what a relief it isAlka Seltzer
71%
The best a man can getGillette
71%
Can you hear me now?Verizon
71%
Breakfast of championsWheaties
65%
Look who we've got our [Hanes] on nowHanes
59%
Melts in your mouth, not in your handsM&Ms
59%
Good to the last cupMaxwell House
53%
It's everywhere you want to beVisa
53%
Once you pop, you can't stopPringles
47%
Where's the beef?Wendy's
41%
Let your fingers do the walkingYellow Pages
41%
Leave the driving to usGreyhound
35%
Think differentApple
29%
Built for the road aheadFord Motor
29%
Think outside the bunTaco Bell
29%
Expect more, pay lessTarget
29%
Mm mm goodCampbell Soup
24%
Fair and balancedFox News
24%
Ask about it at workAFLAC
18%
The snack that smiles backGoldfish
18%
When you care enough to send the very bestHallmark
18%
Tastes great, less fillingMiller Lite
18%
Ideas for lifePanasonic
18%
The way car buying should beCarmax
12%
The world on timeFedEx
12%
Live in your world, play in oursSony Playstation
12%
There is no substitutePorsche
0%
Tastes good like a cigarette shouldWinston
0%

Score Distribution

Percentile by Number Answered

Percent of People with Each Score

Your Score History

You have not taken this quiz